Statistics for Marktwert WM-Mannschaften

Click here to take the quiz!

General Stats

  • This quiz has been taken 8 times
  • The average score is 6 of 10

Answer Stats

MarktwertMannschaft% Correct
1,08 Mrd. €Frankreich
100%
981,00 Mio. €Brasilien
75%
883,00 Mio. €Deutschland
75%
699,00 Mio. €Argentinien
63%
754,00 Mio. €Belgien
63%
874,00 Mio. €England
63%
1,03 Mrd. €Spanien
63%
494,50 Mio. €Portugal
50%
373,00 Mio. €Uruguay
50%
364,00 Mio. €Kroatien
38%

Score Distribution

Percentile by Number Answered

Percent of People with Each Score

Your Score History

You have not taken this quiz